000
00240nam a22001217a 4500
003
SGT
082
_a
616.857
_b
MAH
100
_a
MAHESHWARI M.C
245
_a
HEADACHE
260
_a
INDIA
_b
NBTA PUB
_c
2017
300
_a
88
942
_2
ddc
_c
BK
999
_c
33764
_d
33764